000 01744nam0a2200325 4500
001 RU\NLR\bibl\1090699
005 20260408201504.0
010 _a5-85152-600-9
010 _a978-5-85152-600-8
_9100
021 _aRU
_b2007-25985
_91382
035 _a(NLR Aleph) 001077837
090 _a1039499
_c1039499
100 _a20070524d2006 |||y0rusy50 ca
101 0 _arus
102 _aRU
105 _aa |||||||||
200 1 _aМалый бизнес: проблемы и особенности инвестиционной деятельности
_eмонография
_fМ.В. Бузмакова
_gФедер. агентство по образованию, Гос. образоват. учреждение высш. проф. образования Рос. гос. гуманит. ун-т, Фил. РГГУ в г. Нижнем Новгороде
210 _aНижний Новгород
_cИзд-во Волго-Вятской академии государственной службы
_d2006
215 _a130 с.
_cил.
_d20
320 _aБиблиогр.: с. 126-129 (94 назв.)
606 1 _aПредпринимательство малое
_xГосударственная поддержка
_yРоссийская Федерация
_92220944
_3RU\NLR\auth\661333620
606 _aПредпринимательство малое
_xИнвестиционная деятельность
_yРоссийская Федерация
_92475159
_3RU\NLR\auth\661469745
686 _aУ9(2)-56(2Р)
686 _aУ9(2)-13(2Р)
700 1 _aБузмакова
_bМ. В.
_gМарина Валерьевна
_4070
801 0 _aRU
_bNLR
_c20070524
_gRCR
801 1 _aRU
_bNLR
_c20070524
942 _cBOOK
980 _aNB